Csoportmunka a tanítási órán
Elmentve itt :
| Szerző: | |
|---|---|
| Dokumentumtípus: | Cikk |
| Megjelent: |
1991
|
| Sorozat: | Módszertani közlemények
31 No. 4 |
| Kulcsszavak: | Neveléstudomány |
| Online Access: | http://acta.bibl.u-szeged.hu/27751 |
| LEADER | 00608nab a2200181 i 4500 | ||
|---|---|---|---|
| 001 | acta27751 | ||
| 005 | 20210223114753.0 | ||
| 008 | 161017s1991 hu o 0|| hun d | ||
| 022 | |a 1219-0039 | ||
| 040 | |a SZTE Egyetemi Kiadványok Repozitórium |b hun | ||
| 041 | |a hun | ||
| 100 | 1 | |a Horváth Imréné | |
| 245 | 1 | 0 | |a Csoportmunka a tanítási órán |h [elektronikus dokumentum] / |c Horváth Imréné |
| 260 | |c 1991 | ||
| 300 | |a 227-231 | ||
| 490 | 0 | |a Módszertani közlemények |v 31 No. 4 | |
| 695 | |a Neveléstudomány | ||
| 856 | 4 | 0 | |u http://acta.bibl.u-szeged.hu/27751/1/modszertani_031_004_227-231.pdf |z Dokumentum-elérés |